| 000 | 01206nam a22002297a 4500 | ||
|---|---|---|---|
| 005 | 20100403102347.0 | ||
| 008 | 100403t xxu||||| |||| 00| 0 hin d | ||
| 010 | _aHIN-89215 | ||
| 020 |
_a9788190209366 _c250.00 |
||
| 035 | _aHN-61561 | ||
| 037 | _bDBAD / PUB | ||
| 040 |
_aDPL _bHN |
||
| 082 | _a070.4 | ||
| 100 |
_aधनंजय कुमार _916569 |
||
| 245 |
_aहिन्दी साहित्य एवं पत्रकारिता तथा जनसंचारः _cधनंजय कुमार _b(महत्वपूर्ण तथ्य एवं वस्तुनिष्ठ प्रश्न) / |
||
| 246 |
_aHindi Sahitya evam patrakarita thaa Jansanchar _bby Dhananjay Kumar |
||
| 260 |
_aदिल्ली _bमनीष पब्लिकेशन्स _c2009 |
||
| 270 |
_a471/10, ए-ब्लॉक, पार्ट- द्वितीय सोनिया विहार _bदिल्ली _e110094 _k011 23961160 |
||
| 300 |
_a160पृ _c22सेमी (सजिल्द) |
||
| 942 |
_2ddc _cHN _mधनंज |
||
| 999 |
_c35040 _d35040 |
||